Soft computing and tools of intelligent systems design : theory, tools and applications

Main Author: Karray
Other Authors: De Silva,
Published: New York: Pearson/Addison Wesley, 2004.
Subjects:
LEADER 00609cam a2200169 7i4500
001 0000038868
005 20050502090000.0
020 # 0 |a 0321116178  
090 0 0 |a QA 76.9 S63   |b K23 
100 1 # |a Karray  
245 1 0 |a Soft computing and tools of intelligent systems design :   |b theory, tools and applications   |c Fakhreddine Karray and Clarence de Silva. 
260 # # |a New York:   |b Pearson/Addison Wesley,   |c 2004. 
300 # # |a xxiv, 560 p.:   |b ill.;   |c 24 cm.. 
650 0 0 |a Soft computing  
650 0 0 |a Expert systems (Computer science)  
700 1 1 |a De Silva,   |h Clarence W.  
999 |a 1100030997  |b Book  |c Open Shelf  |e KOLEKSI TERBUKA